Statistics for Terry Crews Filmography

Click here to take the quiz!

General Stats

  • This quiz has been taken 37 times
    (3 since last reset)
  • The average score is 37 of 143

Answer Stats

TypeYearName% Correct
Music Video2015These Walls
100%
TV Show2013-2021Brooklyn Nine-Nine
67%
Podcast2020Brooklyn Nine-Nine: The Podcast
67%
Film2006Click
67%
TV Show2004CSI: Miami
67%
Music Video2004Down
67%
TV Show2005-2009Everybody Hates Chris
67%
Film2002Friday After Next
67%
Film2008Get Smart
67%
TV Show2005My Wife and Kids
67%
Music Video2005Rockstar
67%
Music Video2013Scare Me
67%
Film2002Serving Sara
67%
Music Video2017Swish Swish
67%
Film2000The 6th Day
67%
TV Show2005, 2007The Boondocks
67%
Film2010The Expendables
67%
Film | Video Game2012The Expendables 2
67%
Film2014The Expendables 3
67%
TV Show2010-2011The Family Crews
67%
Film2001Training Day
67%
TV Show2024AGT: Fantasy League
33%
Music Video2018Algorithm
33%
TV Show2005All of Us
33%
TV Show2011, 2014, 2022American Dad!
33%
TV Show2019-PresentAmerica's Got Talent
33%
TV Show2023America's Got Talent: All-Stars
33%
TV Show2022America's Got Talent: Extreme
33%
TV Show2019-2020America's Got Talent: The Champions
33%
TV Show2013Arrested Development
33%
Film2007Balls of Fury
33%
TV Show1999Battle Dome
33%
Film2011Bridesmaids
33%
Short Film2022Bully
33%
TV Show2019Celebrity Family Feud
33%
Film2013Cloudy with a Chance of Meatballs 2
33%
Film2018Deadpool 2
33%
Film2003Deliver Us from Eva
33%
Film2014Draft Day
33%
TV Show2013, 2014Drunk History
33%
Short Film2013Earl Scouts
33%
Film2009Gamer
33%
Film2008Get Smart's Bruce and Lloyd: Out of Control
33%
Short Film2022Guardians of the Galaxy: Cosmic Rewind
33%
Film2005Harsh Times
33%
TV Show2013, 2019Hollywood Game Night
33%
TV Show2023Hot Wheels: Ultimate Challenge
33%
TV Show2014Hulk and the Agents of S.M.A.S.H.
33%
Film2006Idiocracy
33%
Film2006Inland Empire
33%
Film2020John Henry
33%
TV Show2020LEGO Masters
33%
TV Show2015, 2016Lip Sync Battle
33%
Film2009Middle Men
33%
TV Show2007Nick Cannon Presents: Wild 'n Out
33%
Film2007Norbit
33%
TV Show2003Platinum
33%
Music Video2018Pressure
33%
Film2006Puff, Puff, Pass
33%
Film2014Reach Me
33%
TV Show2013Regular Show
33%
Music Video2005Rollin' with Saget
33%
Film2021Rumble
33%
Video Game2013Saints Row IV
33%
Film2017Sandy Wexler
33%
Film2013Scary Movie 5
33%
TV Show2013Second Generation Wayans
33%
TV Show2015Sesame Street
33%
TV Show2021, 2022Side Hustle
33%
Music Video2019SNAP!
33%
Film2018Sorry to Bother You
33%
Film2004Soul Plane
33%
Web Series2022Space Force
33%
Film2004Starsky & Hutch
33%
Music Video2019Stay High
33%
Short Film2023Stranded 3
33%
Film2008Street Kings
33%
TV Show2022Tales of the Walking Dead
33%
Film2009Terminator Salvation
33%
Short Film2013Terry Crews: Magazine Editor/Angry Black Man
33%
Film2006The Alibi
33%
TV Show2002The District
33%
Film2005The Longest Yard
33%
TV Show2012The Newsroom
33%
Film2015The Ridiculous 6
33%
TV Show2013Ultimate Spider-Man
33%
Film2014VeggieTales: Celery Night Fever
33%
Film2004White Chicks
33%
Award Show20152015 TV Land Awards
0%
Web Special20222022: Back That Year Up
0%
TV Show2010-2012Are We There Yet?
0%
Commercial2018AT&T
0%
Film2016Aztec Warrior
0%
Film2003Baadasssss!
0%
Documentary Series2019Black Love
0%
Film2014Blended
0%
TV Show2011BrainSurge
0%
TV Show2022Celebrity IOU
0%
TV Special2017Cops: Beyond the Bust
0%
Video Game2019Crackdown 3
0%
TV Show2018-2024Craig of the Creek
0%
Web Series2017Do You Want to See a Dead Body?
0%
TV Show2018Drop the Mic
0%
Documentary Series2022Finding Your Roots with Henry Louis Gates, Jr.
0%
Web Series2017Good Game
0%
Web Series2020Helpsters
0%
Commercial2021Honey-Comb
0%
Film2007How to Rob a Bank
0%
TV ShowTBAJumpStart
0%
TV Show2013Kris
0%
Film2010Lottery Ticket
0%
Film2015M4M: Measure for Measure
0%
Film2003Malibu's Most Wanted
0%
Web Series2020Mapleworth Murders
0%
TV Special2014-2015NBC's New Year's Eve with Carson Daly
0%
Commercial2010-2016Old Spice
0%
TV Special2021Olympic Dreams Featuring Jonas Brothers
0%
TV Special2009Owen Smith: Anonymous
0%
TV Show2018Portlandia
0%
TV Show2013Real Husbands of Hollywood
0%
TV Show2021Running Wild with Bear Grylls
0%
Web Series2015Scheer-RL
0%
TV Show2012Stars Earn Stripes
0%
Commercial2019State Farm
0%
TV Show2022Talking Dead
0%
TV Show2022That's My Jam
0%
Award Show2018The 26th Annual Movieguide Awards
0%
TV Show2019The Bachelor
0%
Film2006The Benchwarmers
0%
Web Series2017The Hollywood Puppet Show
0%
TV Show2018The Late Late Show with James Corden
0%
TV Special2019The Red Nose Day Special
0%
Film2014The Single Moms Club
0%
Film2020The Willoughbys
0%
Commercial2014Toyota
0%
Web Series2017Ultimate Beastmaster
0%
TV Special2019Verizon 360: 93rd Annual Macy's Thanksgiving Day Parade
0%
Film2017Where's the Money
0%
Film2007Who's Your Caddy?
0%
TV Show2014-2015Who Wants to Be a Millionaire
0%
TV Show2015World's Funniest
0%
TV Show2012WWE Saturday Morning Slam
0%

Score Distribution

Percentile by Number Answered

Percent of People with Each Score

Your Score History

You have not taken this quiz since the last reset